000 nam a22 a 4500
999 _c342286
_d342286
003 BLK
005 20210817155553.0
008 180911b bul|||||r ||||||| ||bul||
040 _aBLK
041 _aBUL
_cBUL
080 _z821.163.2-31
_aБългарска литература
_b821.163.2
_x-31
100 _aПетканов, Константин Николов
_eпърви автор
_9367972
139 _aПетканов, Константин Николов
245 0 0 _aБез деца
_bРоман
_cКонстантин Николов Петканов.
260 _aБургас
_bизд. авт.
_c1927
_fБургас : Ст. Д. Боев
300 _a180 с.
_c23 см
380 _aX
490 _aЧастна колекция - Академик Михаил Арнаудов
_gДарение - Основен фонд
852 _aМА 1256
852 _aЦб 8.230.1063
_bЦб
942 _cKNG
_n0
_s1
944 _aCR
_c1996
_kValK
944 _aED
_c2021-08-17